आधुनिक हिन्दू विधि / (Record no. 78261)
[ view plain ]
| 000 -LEADER | |
|---|---|
| fixed length control field | 00954nam a22002177a 4500 |
| 005 - DATE AND TIME OF LATEST TRANSACTION | |
| control field | 20130831155922.0 |
| 008 - FIXED-LENGTH DATA ELEMENTS--GENERAL INFORMATION | |
| fixed length control field | 130731b xxu||||| |||| 00| 0 eng d |
| 010 ## - LCCN (DPL NO) | |
| LC control number | B-524268 |
| 020 ## - INTERNATIONAL STANDARD BOOK NUMBER | |
| Terms of availability | 320.00 |
| 035 ## - SYSTEM CONTROL NUMBER | |
| System control number | B-524268 |
| 037 ## - SOURCE OF ACQUISITION | |
| Source of stock number/acquisition | UBH |
| 040 ## - CATALOGING SOURCE | |
| Original cataloging agency | DPL |
| Language of cataloging | Eng |
| 082 ## - DEWEY DECIMAL CLASSIFICATION NUMBER | |
| Classification number | 340 |
| 100 ## - MAIN ENTRY--PERSONAL NAME | |
| Personal name | दीवान, पारस |
| 9 (RLIN) | 25423 |
| 245 ## - TITLE STATEMENT | |
| Title | आधुनिक हिन्दू विधि / |
| Statement of responsibility, etc | by पारस दीवान और पीयुषी दीवान |
| 260 ## - PUBLICATION, DISTRIBUTION, ETC. (IMPRINT) | |
| Place of publication, distribution, etc | इलाहबाद |
| Name of publisher, distributor, etc | इलाहबाद लॉ एजेंसी |
| Date of publication, distribution, etc | 2013 |
| 270 ## - ADDRESS | |
| Address | 10, Sir P.C.Banerjee Road, |
| City | Allahabad |
| Postal code | 2 |
| 300 ## - PHYSICAL DESCRIPTION | |
| Extent | xIviii,544पृ.: |
| Dimensions | 23सेमी (अजिल्द) |
| 942 ## - ADDED ENTRY ELEMENTS (KOHA) | |
| Source of classification or shelving scheme | Dewey Decimal Classification |
| Item type | Hindi Books |
| Call number suffix | दीवान |
| Classification part | 340 |
| Withdrawn status | Lost status | Source of classification or shelving scheme | Damaged status | Not for loan | Collection code | Home library | Current library | Date acquired | Source of acquisition | Cost, normal purchase price | Total Checkouts | Full call number | Barcode | Checked out | Date last seen | Copy number | Cost, replacement price | Koha item type |
|---|---|---|---|---|---|---|---|---|---|---|---|---|---|---|---|---|---|---|
| Dewey Decimal Classification | Non-fiction | Sarojini Nagar | Sarojini Nagar | 31/07/2013 | UBH/042/29.6.13/DPL/ZLS/RP/2013-14/1/156&2/262 dt 15.5.13 & 24.6.13 | 320.00 | 1 | 340 दीवान | B-524268 | 03/12/2019 | 19/11/2019 | 1 | 320.00 | Hindi Books |
